Texto básico de idioma japonés

Сохранить в:
Библиографические подробности
Соавтор: Instituto Cultural Mexicano Japonés
Формат:
Язык:Undetermined
Опубликовано: México, Distrito Federal El Instituto 1990
Редактирование:4
Предметы:
Метки: Добавить метку
Нет меток, Требуется 1-ая метка записи!

MARC

LEADER 00000nam a2200000Ia 4500
008 170316s9999 xx 000 0 und d
090 |a 415-J I-1t 
110 |a Instituto Cultural Mexicano Japonés 
245 |a Texto básico de idioma japonés 
250 |a 4 
260 |a México, Distrito Federal 
260 |b El Instituto 
260 |c 1990 
300 |a 205 páginas 
650 |a GRAMÁTICA JAPONESA 
999 |c 19600  |d 19600 
040 |a cru BVZT 
942 |c 15 D  |h 415-J I-1t  |2 z